Statistics for Descendants Characters ONLY FOR MASTERS

Click here to take the quiz!

General Stats

  • This quiz has been taken 248 times
  • The average score is 10 of 11

Answer Stats

HintCharacter% Correct
Has purple hairMal
100%
Likes to fashion designEvie
99%
Son of Belle and beastBen
97%
Used to hate dogsCarlos
97%
Ursela's daughterUma
96%
Team captain of the roar teamJay
95%
Used to be Ben's girlfriendAudrey
94%
Audrey's boyfriendChad
91%
Uma's minionHarry
86%
Did Mal's hairDizzy
83%
Mulan's daugterLonnie
68%

Score Distribution

Percentile by Number Answered

Percent of People with Each Score

Your Score History

You have not taken this quiz